Alternatívne metódy boja proti pásavke zemiakovej

Bibliographic Details
Main Authors: Košík, M. (Author), Krausko, Andrej, 1928-2005 (Author)
Format: Article
Language:Slovak
PhysicalDescription:Tb. 1.
Subjects:

MARC

LEADER 00000nab a2200000 a 4500
001 vtls000454104
003 SK-MaSNL
005 20260304035014.0
008 120926c1992 xo 0 slo
015 |a SNBRB19rr/mm-uuuuu 
035 |a CL0454235 
040 |a SNKBUCL  |b slo  |c SNKBUCL  |e AACR2 
041 0 |a slo 
044 |a xo  |c SK 
080 |a 633.491:632.9  |2 1981 
080 |a 632.9  |2 1981 
080 |a 632.937  |2 1981 
080 |a 632.76  |2 1981 
100 1 |a Košík, M.  |4 aut  |9 1170245 
245 1 0 |a Alternatívne metódy boja proti pásavke zemiakovej  |c M. Košík, A. Krausko 
300 |b Tb. 1. 
650 0 7 |a zemiaky  |2 snkbucl  |9 2709 
650 0 7 |a pásavka zemiaková  |2 snkbucl  |9 16998 
650 0 7 |a biologická ochrana rastlín  |2 snkbucl  |9 224755 
655 7 |a články z novín a časopisov  |2 snkbucl  |9 267496 
700 1 |a Krausko, Andrej,  |d 1928-2005  |4 aut  |9 5376 
773 0 |t Záhradkár  |g Roč. 28, č. 5 (1992), s. 110-111 
850 |a Slovenská národná knižnica v Martine  |a MTA001 
852 |a SNK  |b KIS3GCP 
958 |a RK 
992 |a RBX 
999 |c 2655855  |d 2657785